Loading...
| Science - Physics | 0 | 5 | 1 | 0 | 45 | 39 | 68.40 | 0 | 2 | 16.13 | 18.67 |
| Science - Other | 0 | 4 | 2 | 1 | 30 | 58 | 72.75 | 0 | 1 | 11.92 | 13.80 |
| History - European | 0 | 2 | 0 | 1 | 20 | 25 | 64.50 | 0 | 0 | 6.79 | 5.68 |
| History - Other | 0 | 2 | 0 | 0 | 20 | 83 | 98.50 | 0 | 0 | 2.04 | 5.03 |
| Current Events | 0 | 2 | 0 | 1 | 20 | 90 | 97.50 | 0 | 1 | 1.97 | 13.10 |
| Fine Arts - Other | 0 | 2 | 0 | 1 | 20 | 92 | 95.50 | 0 | 1 | 1.35 | 7.63 |
| Mythology | 0 | 2 | 0 | 1 | 20 | 80 | 96.00 | 0 | 0 | 2.31 | 7.95 |
| Painting/Sculpture | 0 | 2 | 0 | 0 | 20 | 85 | 103.50 | 0 | 0 | 2.31 | 10.23 |
| Religion | 0 | 2 | 0 | 0 | 20 | 55 | 56.50 | 1 | 1 | 9.25 | 10.23 |
| Literature - European | 0 | 1 | 0 | 0 | 10 | 122 | 122.00 | 0 | 0 | 0.00 | 1.14 |
| History - American | 0 | 1 | 0 | 1 | 10 | 76 | 76.00 | 0 | 0 | 2.18 | 5.68 |
| Philosophy | 0 | 1 | 0 | 0 | 10 | 109 | 109.00 | 0 | 0 | 0.75 | 3.57 |
| History - World | 0 | 1 | 0 | 1 | 10 | 102 | 102.00 | 0 | 0 | 0.00 | 1.14 |
| Literature - American | 0 | 1 | 0 | 0 | 10 | 116 | 116.00 | 0 | 0 | 0.00 | 1.30 |
| Science - Chemistry | 0 | 1 | 1 | 0 | 5 | 64 | 64.00 | 0 | 0 | 3.27 | 3.41 |
| Geography | 0 | 1 | 2 | 0 | 0 | 82 | 82.00 | 0 | 0 | 4.13 | 6.25 |